[Event "Challenge #2"]
[Site "http://www.queenalice.com/game.php?id=626554"]
[Date "2009.7.29"]
[Round "-"]
[White "flint"]
[Black "Aylton"]
[Result "1-0"]
[WhiteElo "1991"]
[BlackElo "2022"]

1. Nf3 d5 2. d4 Nf6 3. Bf4 e6 4. e3 c5 5. c3 a6 6. Bd3 Nc6 7. Nbd2 Bd6 8. Ne5
Bxe5 9. dxe5 Nd7 10. Nf3 Qc7 11. O-O Ncxe5 12. Nxe5 Nxe5 13. Qh5 Nxd3 14. Bxc7
Nxb2 15. e4 dxe4 16. Qxc5 f5 17. Rab1 Nd3 18. Qd6 Kf7 19. f3 Kg6 20. fxe4 fxe4
21. Qg3+ Kh6 22. Rf4 Nxf4 23. Bxf4+ 1-0

[Event "AUTO-MASTER-866"]
[Site "http://www.queenalice.com/game.php?id=628381"]
[Date "2009.8.1"]
[Round "1"]
[White "wallt"]
[Black "flint"]
[Result "0-1"]
[WhiteElo "1926"]
[BlackElo "2074"]

1. d4 e6 2. Bf4 b6 3. Nf3 Bb7 4. Nc3 Bb4 5. Qd2 Nf6 6. g3 Ne4 7. Qe3 d5 8. Nd2
Nxd2 9. Qxd2 c5 10. Bg2 Nd7 11. Qe3 Qf6 12. dxc5 Nxc5 13. Be5 Qg6 14. O-O O-O
15. Rac1 Nd7 16. a3 Nxe5 17. axb4 Nc4 18. Qd3 Nxb2 19. Qxg6 hxg6 20. e4 Rfc8 21.
Nb5 Nc4 22. Rfe1 a6 23. Nd4 e5 24. Nb3 d4 25. Bf3 f5 26. h4 a5 27. b5 a4 28. Na1
Nd2 29. Bg2 Rc3 30. Red1 Nxe4 31. Bh1 Rd8 32. Rd3 Nc5 33. Rxc3 dxc3 34. Bxb7
Nxb7 35. Kg2 Kf7 36. Rb1 Rd4 37. Kf1 Nc5 38. Re1 Ne4 39. Kg2 Kf6 40. Kf3 Rb4 41.
Rd1 Nd2+ 42. Ke2 Rxb5 43. f3 Rb1 44. Rxb1 Nxb1 45. Kd1 b5 46. Kc1 Nd2 47. f4
exf4 48. gxf4 Nf3 49. Kd1 Nxh4 50. Ke2 g5 51. fxg5+ Kxg5 52. Kd3 f4 53. Kxc3 f3
54. Kb4 f2 55. Kxb5 f1=Q+ 56. Kxa4 Qxa1+ 57. Kb3 Qb1+ 58. Kc3 Nf3 59. Kd3 Kf4
60. Kc3 Ne1 0-1

[Event "AUTO-MASTER-866"]
[Site "http://www.queenalice.com/game.php?id=628382"]
[Date "2009.8.1"]
[Round "1"]
[White "flint"]
[Black "wallt"]
[Result "1-0"]
[WhiteElo "2063"]
[BlackElo "1929"]

1. d4 d5 2. Nf3 Bf5 3. Bf4 Nc6 4. c3 g6 5. e3 Bg7 6. Be2 Nf6 7. h3 O-O 8. O-O
Qd7 9. Nbd2 Bxh3 10. gxh3 Qxh3 11. Bxc7 Qg4+ 12. Kh2 Qh5+ 13. Kg2 Ng4 14. Nh2 f5
15. Nxg4 fxg4 16. Bxg4 Qh4 17. Bg3 Qf6 18. Nf3 Qf7 19. Ng5 Qe8 20. Rh1 h6 21.
Ne6 Qf7 22. Nxf8 Qxf8 23. Be6+ Kh7 24. Bxd5 Nd8 25. Be4 Nf7 26. Qc2 Nh8 27. Bxb7
Rd8 28. Rh2 Nf7 29. Be4 Nh8 30. Rah1 e6 31. Bf4 Qf6 32. Bxh6 Bxh6 33. Rxh6+ Kg7
34. Rh7+ Kf8 35. Rxh8+ Ke7 36. R1h7+ Qf7 37. Rxf7+ Kxf7 38. Rxd8 Ke7 39. Ra8 a5
40. Qa4 Kf7 41. Qe8+ 1-0

[Event "AUTO-MASTER-866"]
[Site "http://www.queenalice.com/game.php?id=628393"]
[Date "2009.8.1"]
[Round "1"]
[White "docb"]
[Black "flint"]
[Result "0-1"]
[WhiteElo "2104"]
[BlackElo "2045"]

1. e4 c5 2. Nc3 a6 3. g3 Nc6 4. Bg2 g6 5. f4 Bg7 6. Nf3 b5 7. a3 Bb7 8. O-O e6
9. d3 Nge7 10. Be3 Nd4 11. e5 Nef5 12. Bf2 d5 13. g4 Nxf3+ 14. Bxf3 Nd4 15. Bg2
Qc7 16. Ne2 Nxe2+ 17. Qxe2 O-O 18. Bg3 Bc8 19. Bh3 Re8 20. Rae1 Bd7 21. f5 exf5
22. gxf5 Qc6 23. Qg2 Ra7 24. f6 Bh6 25. Bf4 Bf8 26. Bxd7 Rxd7 27. Qd2 h5 28. Rf3
d4 29. Rh3 c4 30. Bh6 c3 31. Qg5 Rd5 32. Bxf8 Rdxe5 33. Rxe5 cxb2 34. Rxe8 b1=Q+
35. Kf2 Qxe8 36. Be7 Qxc2+ 37. Kg3 Qb8+ 38. Kh4 Qf2+ 39. Rg3 Qxh2+ 40. Rh3 Qbf4+
0-1

[Event "AUTO-MASTER-866"]
[Site "http://www.queenalice.com/game.php?id=628394"]
[Date "2009.8.1"]
[Round "1"]
[White "flint"]
[Black "docb"]
[Result "1-0"]
[WhiteElo "2024"]
[BlackElo "2145"]

1. d4 d5 2. Bf4 Nf6 3. Nf3 Nh5 4. Bg5 h6 5. Bc1 Nc6 6. c3 Bf5 7. h3 Bh7 8. Ne5
Nxe5 9. dxe5 g5 10. e4 Nf4 11. Bxf4 gxf4 12. exd5 Bg7 13. Qa4+ Kf8 14. Qxf4 Bg6
15. Bc4 c6 16. dxc6 bxc6 17. Bxf7 Bxf7 18. e6 Qe8 19. Nd2 Bf6 20. exf7 Qxf7 21.
O-O Ke8 22. Ne4 Qg6 23. Nxf6+ exf6 24. Rfe1+ Kf8 25. Qd6+ Kg8 26. Re3 Qf7 27.
Re7 Qd5 28. Qxf6 Rh7 29. Qg6+ 1-0

[Event "AUTO-MASTER-866"]
[Site "http://www.queenalice.com/game.php?id=628401"]
[Date "2009.8.1"]
[Round "1"]
[White "flint"]
[Black "alexp71"]
[Result "0-1"]
[WhiteElo "2072"]
[BlackElo "2183"]

1. d4 d5 2. Nf3 Nf6 3. Bf4 c5 4. e3 e6 5. Nbd2 Nc6 6. c3 Bd6 7. Bg3 b6 8. Bd3
Bxg3 9. hxg3 h6 10. Qc2 O-O 11. O-O-O Bb7 12. Ne5 Nxe5 13. dxe5 Ng4 14. Nf3 Qc7
15. Rh5 Rfd8 16. Kb1 Bc6 17. Rdh1 Be8 18. R5h4 Nxe5 19. Nxe5 Qxe5 20. g4 c4 21.
Be2 f6 22. Ka1 a5 23. Qd2 Bg6 24. f4 Qc7 25. g5 fxg5 0-1

[Event "AUTO-MASTER-866"]
[Site "http://www.queenalice.com/game.php?id=628402"]
[Date "2009.8.1"]
[Round "1"]
[White "alexp71"]
[Black "flint"]
[Result "1-0"]
[WhiteElo "2174"]
[BlackElo "2084"]

1. c4 c6 2. Nc3 Nf6 3. e4 d5 4. exd5 cxd5 5. d4 g6 6. Qb3 Bg7 7. cxd5 O-O 8. g3
Nbd7 9. Bg2 Nb6 10. Nge2 Bf5 11. Nf4 Qd7 12. O-O g5 13. Nfe2 h6 14. Re1 Rfd8 15.
d6 exd6 16. a4 Bh3 17. Bh1 Rab8 18. a5 Nc8 19. f4 g4 20. Nd1 d5 21. Nf2 Re8 22.
Nxh3 gxh3 23. Bd2 Ne4 24. Bb4 Ncd6 25. Qxd5 1-0

[Event "Challenge #01"]
[Site "http://www.queenalice.com/game.php?id=665893"]
[Date "2009.10.11"]
[Round "-"]
[White "Aylton"]
[Black "flint"]
[Result "0-1"]
[WhiteElo "2085"]
[BlackElo "2076"]

1. d4 Nf6 2. Nf3 e6 3. e3 d5 4. c4 c6 5. a3 Nbd7 6. Nc3 Be7 7. Be2 O-O 8. O-O b6
9. h3 Bb7 10. cxd5 cxd5 11. b4 Rc8 12. Bb2 Ne4 13. Nxe4 dxe4 14. Nd2 f5 15. Rc1
Nf6 16. Qb3 Bd5 17. Bc4 Qd6 18. Bxd5 exd5 19. Rxc8 Rxc8 20. Rc1 Rxc1+ 21. Bxc1
Qc7 22. Bb2 Bd6 23. Qc3 Ne8 24. Qxc7 Nxc7 25. Nb3 Kf7 26. Kf1 Ke6 27. Ke2 g5 28.
Kd2 h5 29. Nc1 h4 30. Ne2 Ne8 31. Nc3 Nf6 32. Nb5 Bb8 33. Kc2 g4 34. Nc3 gxh3
35. gxh3 Nh7 36. Ne2 Ng5 37. Bc3 Nxh3 38. Be1 Ng5 39. f4 exf3 40. Nf4+ Bxf4 41.
exf4 h3 42. Bg3 Ne4 0-1

[Event "Challenge #02"]
[Site "http://www.queenalice.com/game.php?id=665894"]
[Date "2009.10.11"]
[Round "-"]
[White "flint"]
[Black "Aylton"]
[Result "1-0"]
[WhiteElo "2092"]
[BlackElo "2056"]

1. Nf3 d5 2. d4 Nf6 3. Bf4 e6 4. e3 c5 5. Nbd2 a6 6. c3 Nc6 7. Bd3 Bd6 8. Bg3
O-O 9. Rc1 c4 10. Bb1 b5 11. Ne5 Bxe5 12. dxe5 Nd7 13. f4 Bb7 14. Nf3 h6 15. Qc2
f5 16. exf6 Nxf6 17. Bh4 Qe7 18. O-O e5 19. fxe5 Nxe5 20. Nxe5 Qxe5 21. Bxf6
Rxf6 22. Qh7+ Kf7 23. Rxf6+ Kxf6 24. Qg6+ Ke7 25. Re1 Rf8 26. Qb6 Bc8 27. e4 Rf6
28. Qc5+ Kd8 29. Qxd5+ Qxd5 30. exd5 Rd6 31. Be4 Bb7 32. Rd1 Kc7 33. Kf2 Kb6 34.
b4 cxb3 35. axb3 Kc5 36. b4+ Kc4 37. Rd3 Bxd5 38. Ke3 Rd7 39. Rd4+ Kxc3 40. Rxd5
Rxd5 41. Bxd5 Kxb4 42. Kd3 a5 43. Kc2 a4 44. Kb2 Kc5 45. Bf7 b4 46. Be8 a3+ 47.
Kb3 g5 48. Bf7 Kb5 49. Bg8 h5 50. Bf7 h4 51. h3 Kc5 52. Ka4 Kd4 53. Kxb4 Ke3 54.
Kxa3 Kf2 55. Bd5 Kg3 56. Bf3 1-0

[Event "Challenge"]
[Site "http://www.queenalice.com/game.php?id=674686"]
[Date "2009.10.30"]
[Round "-"]
[White "flint"]
[Black "Kzar"]
[Result "1-0"]
[WhiteElo "2060"]
[BlackElo "2068"]

1. d4 Nf6 2. Nf3 e6 3. Bf4 Be7 4. e3 b6 5. Nbd2 Bb7 6. Bd3 Nh5 7. Bg3 d6 8. c3
Nd7 9. Qc2 h6 10. O-O-O Nxg3 11. hxg3 Nf6 12. Rde1 Qd7 13. Kb1 O-O-O 14. e4 Kb8
15. Nc4 g6 16. Ne3 a6 17. Rd1 Qc6 18. e5 Nd5 19. Nxd5 Qxd5 20. Rhe1 Qa5 21. Be4
f5 22. exf6 Bxf6 23. Bxb7 Kxb7 24. Rxe6 1-0

[Event "Let's Play Chess!"]
[Site "http://www.queenalice.com/game.php?id=702082"]
[Date "2009.12.22"]
[Round "-"]
[White "flint"]
[Black "HelderNanques"]
[Result "1-0"]
[WhiteElo "2115"]
[BlackElo "2039"]

1. d4 e6 2. Nf3 d5 3. Bf4 Nf6 4. e3 Bd6 5. Bg3 O-O 6. Bd3 c5 7. c3 Nc6 8. Nbd2
a6 9. Bh4 cxd4 10. exd4 Re8 11. O-O Be7 12. Re1 Qb6 13. Rb1 Kh8 14. Qc2 g6 15.
Nf1 Nh5 16. Bxe7 Nxe7 17. Ne5 Nc6 18. Nxf7+ Kg7 19. Ne5 Nxe5 20. Rxe5 Rf8 21.
Rbe1 Bd7 22. Rxh5 gxh5 23. Bxh7 Rf6 24. Re5 Be8 25. Rg5+ Kf8 26. Rg8+ Ke7 27.
Qd2 Qd8 28. Ng3 Rc8 29. Nxh5 Bxh5 30. Rxd8 Rxd8 31. Qg5 Be2 32. f4 Kf8 33. Qxf6+
1-0

[Event "Let's Play Chess!"]
[Site "http://www.queenalice.com/game.php?id=702083"]
[Date "2009.12.22"]
[Round "-"]
[White "HelderNanques"]
[Black "flint"]
[Result "0-1"]
[WhiteElo "2046"]
[BlackElo "2105"]

1. e4 c5 2. Bb5 a6 3. Be2 Nc6 4. Nf3 g6 5. d4 cxd4 6. Nxd4 Bg7 7. c3 Nf6 8. f3
O-O 9. Be3 d6 10. Qb3 Nd7 11. O-O Qc7 12. Nd2 Rb8 13. Rac1 b5 14. Nxc6 Qxc6 15.
Qd1 Nb6 16. Qc2 Be6 17. Nb3 Qc7 18. a3 Rfd8 19. Bd4 Nc4 20. Bxg7 Kxg7 21. Rfe1
Qb6+ 22. Kh1 Ne3 23. Qd2 Bxb3 24. Bd3 Nc4 25. Qe2 Ne5 26. Bb1 Bc4 0-1

[Event "Let's Play Chess!"]
[Site "http://www.queenalice.com/game.php?id=722046"]
[Date "2010.1.29"]
[Round "-"]
[White "flint"]
[Black "somar96"]
[Result "1/2-1/2"]
[WhiteElo "2125"]
[BlackElo "2055"]

1. d4 Nf6 2. Nf3 c5 3. e3 g6 4. Be2 Bg7 5. Nbd2 O-O 6. O-O b6 7. c3 Bb7 8. Re1
d5 9. Ne5 Nc6 10. Ndf3 Rc8 11. Nxc6 Bxc6 12. Ne5 e6 13. Ba6 Rc7 14. Nxc6 Rxc6
15. Qa4 Rc7 16. Bd3 c4 17. Bb1 Qd7 1/2-1/2

[Event "Let's Play Chess!"]
[Site "http://www.queenalice.com/game.php?id=722218"]
[Date "2010.1.29"]
[Round "-"]
[White "anmarton"]
[Black "flint"]
[Result "1/2-1/2"]
[WhiteElo "1975"]
[BlackElo "2123"]

1. e3 Nf6 2. f4 d5 3. Nf3 Nbd7 4. b3 e6 5. Bb2 Be7 6. Be2 b6 7. O-O Bb7 8. d3
O-O 9. h3 c5 10. Nbd2 Rc8 11. Ne5 Qc7 12. Ndf3 Rfe8 13. Qe1 h6 14. g4 Nxe5 15.
Nxe5 Nd7 16. Qg3 Bd6 17. g5 hxg5 18. Nxd7 Qxd7 19. Qxg5 d4 20. exd4 Be7 21. Qg4
cxd4 22. Rac1 Bf6 23. Bf3 Rc5 24. Bxb7 Qxb7 25. Rf2 Rec8 26. Qg2 Qd7 27. Kh2 Qc7
28. Qe4 Rd5 29. Kg2 Kf8 30. Re2 Qc6 31. Kg3 1/2-1/2

[Event "Challenge"]
[Site "http://www.queenalice.com/game.php?id=761908"]
[Date "2010.4.16"]
[Round "-"]
[White "flint"]
[Black "anmarton"]
[Result "1-0"]
[WhiteElo "2139"]
[BlackElo "2168"]

1. d4 b5 2. Bf4 Bb7 3. Nd2 Nf6 4. Ngf3 e6 5. e3 a6 6. Bd3 c5 7. c3 d5 8. h3 c4
9. Bc2 Be7 10. O-O O-O 11. Ne5 Nfd7 12. Ndf3 f6 13. Nxd7 Nxd7 14. Re1 a5 15. Bg3
Qb6 16. a3 b4 17. axb4 axb4 18. Rxa8 Rxa8 19. e4 Ra2 20. exd5 Bxd5 21. Bxh7+ Kf8
22. Qb1 b3 23. Qc1 Qc6 24. Bb1 Ra1 25. Qe3 Nb6 26. Nh4 Na4 27. Qd2 Nb6 28. Qe2
Bd6 29. Bxd6+ Qxd6 30. Ng6+ Ke8 31. Qh5 Kd7 32. Qh8 Be4 33. Nf8+ Kc7 34. Qxg7+
Kb8 35. Qg8 Rxb1 36. Nxe6+ Nc8 37. Rxb1 Bxb1 38. Nc5 Bd3 39. Qf7 Qe7 40. Qd5 Nb6
41. Qc6 Ka7 42. Qb5 Nc8 43. Qa6+ Kb8 44. Qc6 Bf5 45. g4 Qg7 46. Kf1 Bd3+ 47. Kg2
Bf5 48. Kf3 Bd3 49. Nd7+ 1-0

[Event "Challenge"]
[Site "http://www.queenalice.com/game.php?id=777292"]
[Date "2010.5.18"]
[Round "-"]
[White "pajabraba69"]
[Black "flint"]
[Result "0-1"]
[WhiteElo "2061"]
[BlackElo "2119"]

1. e4 Nf6 2. e5 Nd5 3. d4 d6 4. Nf3 Bg4 5. Be2 c6 6. O-O Nd7 7. Ng5 Bxe2 8. Qxe2
dxe5 9. dxe5 e6 10. c4 Ne7 11. b3 Ng6 12. Nf3 Qc7 13. Re1 Bb4 14. Bd2 a5 15. a3
Be7 16. Nc3 O-O 17. Nd1 Rfd8 18. Nb2 h6 19. Nd3 Nc5 20. Nxc5 Bxc5 21. b4 axb4
22. axb4 Be7 23. b5 Bc5 24. bxc6 Qxc6 25. Rxa8 Rxa8 26. Qe4 Qxe4 27. Rxe4 Ra1+
28. Be1 Kf8 29. g3 Ne7 30. Kg2 Rc1 31. Nd4 Bxd4 32. Bb4 Rxc4 0-1

[Event "Challenge"]
[Site "http://www.queenalice.com/game.php?id=777293"]
[Date "2010.5.18"]
[Round "-"]
[White "flint"]
[Black "pajabraba69"]
[Result "1-0"]
[WhiteElo "2129"]
[BlackElo "2047"]

1. d4 Nf6 2. Nf3 d5 3. Bf4 c5 4. e3 e6 5. Nbd2 Nc6 6. c3 Bd6 7. Bg3 O-O 8. Ne5
Ne4 9. Nxe4 dxe4 10. Nxc6 bxc6 11. Be2 cxd4 12. Qxd4 Bxg3 13. hxg3 Qxd4 14. cxd4
a5 15. Bc4 Ba6 16. Rc1 Bxc4 17. Rxc4 Rfb8 18. b3 Ra6 19. Kd2 h6 20. Rhc1 Rc8 21.
Rc5 f6 22. R1c4 Kf7 23. d5 exd5 24. Rxd5 Ke6 25. Rdc5 Kd6 26. Rf5 Ke6 27. Rf4 f5
28. g4 Rd8+ 29. Kc2 Rd5 30. gxf5+ Rxf5 31. Rcxe4+ Kf6 32. Rxf5+ Kxf5 33. Re7 g6
34. Rc7 Ke6 35. Kd3 h5 36. Kd4 1-0

[Event "Let's Play Chess!"]
[Site "http://www.queenalice.com/game.php?id=818928"]
[Date "2010.8.16"]
[Round "-"]
[White "flint"]
[Black "Dunelm"]
[Result "1-0"]
[WhiteElo "2153"]
[BlackElo "1575"]

1. d4 Nf6 2. Nf3 e6 3. Bg5 d5 4. e3 a6 5. Bd3 Be7 6. O-O O-O 7. Nbd2 h6 8. Bh4
Nc6 9. c3 b5 10. Re1 Ng4 11. Bxe7 Qxe7 12. h3 Nf6 13. Qc2 e5 14. dxe5 Nxe5 15.
Nxe5 Qxe5 16. Nf3 Qd6 17. Rad1 c5 18. b3 c4 19. bxc4 dxc4 20. Bh7+ Nxh7 21. Rxd6
Re8 22. Red1 Nf8 23. Rd8 Be6 24. Rxa8 Rxa8 25. Qe4 Rc8 26. Qb7 Kh8 27. Qxa6 Rc5
28. Rd8 Kg8 29. Qa8 Bd5 30. Rxd5 Rc7 31. Rd8 Re7 32. Rxf8+ Kh7 33. Nh4 b4 34.
Rh8# 1-0

[Event "Challenge #03"]
[Site "http://www.queenalice.com/game.php?id=824449"]
[Date "2010.8.28"]
[Round "-"]
[White "Aylton"]
[Black "flint"]
[Result "0-1"]
[WhiteElo "1960"]
[BlackElo "2161"]

1. d4 Nf6 2. Nf3 e6 3. e3 b6 4. c4 Bb7 5. Nc3 d5 6. Be2 Nbd7 7. O-O Be7 8. h3
O-O 9. a3 c5 10. dxc5 Nxc5 11. b4 Nce4 12. Nxe4 Nxe4 13. Bb2 Bf6 14. Bxf6 Qxf6
15. cxd5 Bxd5 16. Qd4 Rac8 17. Qxf6 gxf6 18. Rfc1 Nc3 19. Kf1 Nxe2 20. Kxe2 Bc4+
21. Ke1 e5 22. Nd2 Bd3 23. Nb3 Rfd8 24. f3 Kf8 25. e4 f5 26. exf5 Bxf5 27. Rxc8
Rxc8 28. Rc1 Rxc1+ 29. Nxc1 Ke7 30. Kd2 Kd6 31. g4 Bd7 32. Ke3 f5 33. Ne2 Kd5
34. gxf5 Bxf5 35. h4 Kc4 36. f4 exf4+ 37. Kxf4 Bd3 38. Ng3 Kb3 39. h5 Kxa3 40.
h6 Kxb4 41. Kg5 a5 42. Kf6 a4 43. Kg7 a3 44. Nh5 a2 0-1

[Event "Challenge #04"]
[Site "http://www.queenalice.com/game.php?id=824450"]
[Date "2010.8.28"]
[Round "-"]
[White "flint"]
[Black "Aylton"]
[Result "1-0"]
[WhiteElo "2154"]
[BlackElo "1971"]

1. Nf3 d5 2. d4 Nf6 3. Bf4 e6 4. e3 a6 5. Bd3 c5 6. c3 Nc6 7. Nbd2 cxd4 8. exd4
Bd6 9. Bg5 h6 10. Bh4 O-O 11. Qe2 b5 12. O-O Bb7 13. Ne5 g5 14. Bg3 Bxe5 15.
Bxe5 Nxe5 16. Qxe5 Nd7 17. Qg3 Kg7 18. f4 f6 19. h4 Qe7 20. Nf3 Kh8 21. hxg5
fxg5 22. fxg5 hxg5 23. Nxg5 Rxf1+ 24. Rxf1 Rf8 25. Qh3+ Kg8 26. Bh7+ Kh8 27.
Bf5+ 1-0

[Event "5^ European Cup"]
[Site "http://www.queenalice.com/game.php?id=866409"]
[Date "2010.12.2"]
[Round "1"]
[White "Alain91"]
[Black "flint"]
[Result "0-1"]
[WhiteElo "2127"]
[BlackElo "2167"]

1. e4 c5 2. f4 d5 3. exd5 Nf6 4. Bb5+ Bd7 5. Bxd7+ Qxd7 6. c4 e6 7. Qe2 Bd6 8.
dxe6 Qxe6 9. Qxe6+ fxe6 10. Nh3 O-O 11. Nc3 Nc6 12. Nb5 Rad8 13. O-O Bb8 14. Ng5
Rfe8 15. b3 h6 16. Nh3 e5 17. Ba3 Rxd2 18. Bxc5 exf4 19. Rad1 Rxd1 20. Rxd1 Ne4
21. Ba3 a6 22. Nd6 Rd8 23. c5 Ba7 24. Kf1 Bxc5 25. Bxc5 Nxc5 26. Ke2 g5 27. Nf2
Rd7 28. Ng4 Re7+ 29. Kf1 Re6 30. Rd5 Nb4 31. Rxc5 Rxd6 32. Rc8+ Kg7 33. Rc7+ Kg6
34. a3 Nd3 35. Nf2 Nxf2 36. Kxf2 b6 37. Ke2 Re6+ 38. Kd2 g4 39. Rc3 h5 0-1

[Event "5^ European Cup"]
[Site "http://www.queenalice.com/game.php?id=909963"]
[Date "2011.3.8"]
[Round "2"]
[White "flint"]
[Black "REUSKING"]
[Result "1-0"]
[WhiteElo "2178"]
[BlackElo "2082"]

1. d4 d5 2. Bf4 Nf6 3. Nf3 e6 4. e3 c5 5. c3 Nc6 6. Bd3 c4 7. Bc2 Bd6 8. Bg5 h6
9. Bh4 O-O 10. Nbd2 Be7 11. O-O Nd7 12. Bg3 Nf6 13. Re1 Bd6 14. Ne5 Bxe5 15.
dxe5 Nd7 16. f4 Nc5 17. Nf3 Ne4 18. Bxe4 dxe4 19. Nd4 Bd7 20. Qe2 Nxd4 21. exd4
Bc6 22. Qxc4 Bd5 23. Qe2 Rc8 24. Rec1 Bc4 25. Qxe4 Bd5 26. Qe3 b5 27. a4 a6 28.
axb5 axb5 29. Ra7 Qb6 30. Rca1 Rc7 31. R7a6 Qb7 32. Be1 Rb8 33. Qg3 Qc8 34. Bd2
1-0

[Event "5^ European Cup"]
[Site "http://www.queenalice.com/game.php?id=976234"]
[Date "2011.8.24"]
[Round "3"]
[White "uschmidi"]
[Black "flint"]
[Result "0-1"]
[WhiteElo "1944"]
[BlackElo "2187"]

1. d4 d5 2. Nf3 Bf5 3. e3 Nf6 4. Bd3 Bg6 5. b3 e6 6. O-O Bd6 7. Bb2 Nbd7 8. Bxg6
hxg6 9. h3 Ne4 10. Nbd2 Ndf6 11. Ne5 O-O 12. Ndf3 c6 13. c4 Rc8 14. Qd3 Re8 15.
Nd2 Nxd2 16. Qxd2 Ne4 17. Qd3 Bxe5 18. dxe5 Qh4 19. Kh2 Nxf2 20. Qe2 Ne4 21. Rf4
Qh5 22. Qc2 g5 23. Rff1 g4 24. Rf4 gxh3 25. gxh3 b5 26. Rg1 bxc4 27. Qg2 g6 28.
Rgf1 Rc7 29. Rg4 cxb3 30. axb3 Rb8 31. Rff4 c5 32. Rh4 Qd1 33. Rxf7 Rxf7 34.
Qxg6+ Kf8 35. Rh8+ Ke7 36. Rxb8 Rf2+ 0-1